Pays Frontaliers de l'Italie - Mort Subite - Statistiques

Statistiques générales
  • Ce quiz a été pris 107 fois
  • Le résultat moyen est 4 sur 6
Answers on the Grid
Answers color-coded by a green-red scale on the quiz's grid according to % correct below.
Vatican
Saint-Marin
France
Slovénie
Suisse
Autriche
Monaco
Espagne
Croatie
Liechtenstein
Slovaquie
Roumanie
Hongrie
Algerie
Bosnie-Herzégovine
 
Statistiques - réponses
Réponse % Correct
France
84%
Suisse
82%
Vatican
82%
Saint-Marin
79%
Autriche
55%
Slovénie
53%
Aucun quiz correspondant
Distribution des résultats
% des personnes avec chaque résultat
Percentile par nombre de réponses
Votre historique - résultats
Vous n’avez pas pris ce quiz